000 00950cam a22001934a 4500
005 20250605164359.0
008 250528s ||||||||||||||||||||||||d
035 _a24514
040 _aGR-AtMCL
_bgre
_dGR-AtMCL
_eAACR2
245 1 _aΑύξηση Πωλήσεων και Επαύξηση Πιστότητας
260 _c2014
300 _a34
520 _aΣημασία Έχει η Ιδέα και Όχι η Πατρότητα της, Υψηλή Δημιουργικότητα αλλά και Ελλειψη Μετρήσεων, Στοχευμένη Επιβράβευση και Αποτελεσματική Προώθηση, Αποκαλύπτοντας τα Μυστικά του Performance Marketing, Η GfK Echo, Σε Ρυθμούς Δημιουργικής Καταστροφής.
700 1 _aΚορδελάς Δημήτρης
_99464
942 _cCR
710 2 _aThe Marketing Week
_99825
999 _c9391
_d9391